[Event "Budapest FS04 IM"]
[Site "Budapest"]
[Date "2019.04.08"]
[Round "9"]
[White "Stigar, Petter"]
[Black "Farago, Ivan"]
[Result "1/2-1/2"]
[WhiteElo "2199"]
[BlackElo "2363"]
[PlyCount "59"]
[EventDate "2019.03.30"]
[EventType "tourn"]
[EventRounds "9"]
[EventCountry "HUN"]
[SourceTitle "CBM 189 Extra"]
[Source "ChessBase"]
[SourceDate "2019.06.03"]
[SourceVersion "1"]
[SourceVersionDate "2019.06.03"]
[SourceQuality "1"]

1. Nf3 Nf6 2. c4 e6 3. g3 d5 4. d4 Bb4+ 5. Bd2 Be7 6. Bg2 0-0 7. 0-0 Nbd7 8. Qc2 c6 9. Rd1 a5 10. b3 b5 11. Bc3 Ne4 12. Ne5 Nxe5 13. Bxe4 Ng6 14. Bg2 f5 15. Nd2 Ba6 16. Bb2 Rc8 17. Rac1 Nh8 18. Qd3 bxc4 19. bxc4 Nf7 20. Qe3 Qd7 21. cxd5 exd5 22. Nf3 Bc4 23. Qd2 a4 24. Bc3 Qe6 25. e3 Rb8 26. Rb1 Bb5 27. Bb4 Nd6 28. Ne5 Rb7 29. Qc2 Rc8 30. Bc5 1/2-1/2